000 00337nam a22001457a 4500
008 210303b ||||| |||| 00| 0 eng d
020 _a9780534602468
041 _aeng
080 _26th
_a311
082 _a311
100 _a55
101 _aSTA
245 _aStatistics for the Behavioral Sciences
_cGravetter, F.J
942 _2udc
_cBK
999 _c55572
_d55572